[Event "South America-ch U18 13th"]
[Site "Santiago de Chile"]
[Date "2016.12.01"]
[Round "1"]
[White "Torrealba Porras, Dario Alonso"]
[Black "Lagar, Valentin Alejo"]
[Result "0-1"]
[WhiteElo "1647"]
[BlackElo "2086"]
[PlyCount "50"]
[EventDate "2016.12.01"]
[EventType "swiss"]
[EventRounds "9"]
[EventCountry "CHI"]
[SourceTitle "EXT 2018"]
[Source "ChessBase"]
[SourceDate "2017.10.13"]
[SourceVersion "1"]
[SourceVersionDate "2017.10.13"]
[SourceQuality "1"]

1. e4 e5 2. Nf3 Nc6 3. Bc4 Bc5 4. c3 Nf6 5. d3 d6 6. Nbd2 0-0 7. Nf1 Ne7 8. Bg5 Ng6 9. h4 h6 10. Be3 Nf4 11. Bxf4 exf4 12. Qd2 d5 13. exd5 Re8+ 14. Kd1 Nxd5 15. d4 Bf8 16. Rg1 c5 17. g4 Be6 18. Bd3 cxd4 19. Nxd4 Qxh4 20. Nxe6 Rxe6 21. Kc2 Rd8 22. g5 Red6 23. gxh6 Nf6 24. Bc4 Rxd2+ 25. Nxd2 Qxf2 0-1